000 00478cam a22001814a 4500
005 20250605164246.0
008 250528s ||||||||||||||||||||||||d
035 _a21513
040 _aGR-AtMCL
_bgre
_dGR-AtMCL
_eAACR2
245 1 _aΕΠΙΛΟΓΗ ΠΡΟΒΛΗΜΑΤΩΝ ΣΤΑΤΙΣΤΙΚΗΣ
250 _a1
260 _bΕγνατια,
_c1984
300 _a424
700 1 _aΠεκος Γεωργιος Δ
_97513
942 _cBK
999 _c6575
_d6575